| 000 | 01165nam a2200325Ia 4500 | ||
|---|---|---|---|
| 001 | Z_6483 | ||
| 003 | CHAP | ||
| 008 | 220113s2010 xx 000 0 und d | ||
| 010 | _a169748 | ||
| 040 | _cCHAP | ||
| 090 | _aTesis D45 2269 | ||
| 100 |
_aDelin Reynoso, Rocio _931684 |
||
| 245 |
_aRendimiento y calidad del forraje de seis variedades de alfalfa (Medicago sativa L.) en la fase de establecimiento. / _cRocio Delin Reynoso |
||
| 260 |
_aMéxico : _bEl autor, _c2010 |
||
| 300 | _aCD | ||
| 502 | _aTesis (Ingeniero Agrónomo Especialista en Zootecnia) -- UACh, 2010 \ Dirección: José Luis Zaragoza Ramírez; asesoría: Meliton Córdoba Alvarez y Ricardo D. Amendola Massiotti | ||
| 650 |
_aAlfalfa _93847 |
||
| 650 |
_aAlfalfa _xcomponentes botánicos _9144913 |
||
| 650 |
_aAlfalfa _xforraje _9144914 |
||
| 650 |
_aAlfalfa _xvariedades _93893 |
||
| 700 |
_a Amendola Massiotti, Ricardo D., asesor. _9138995 |
||
| 700 |
_a Córdoba Alvarez, Melitón, asesor _9138996 |
||
| 700 |
_aZaragoza Ramírez, José Luis, director _9143310 |
||
| 901 | _aTESIS D45 2269 | ||
| 902 | _aM | ||
| 910 | _a2010 | ||
| 942 | _c2 | ||
| 942 | _c2 | ||
| 999 |
_c169748 _d169748 |
||